Loading...

Managerial economics Theory and practice /

Bibliografiske detaljer
Hovedforfatter: Webster, Thomas J.
Sprog:Undetermined
Udgivet: U.S.A : Academic press , 2003.
Fag:
LEADER 00556nam a2200169Ia 4500
001 144914
008 170722s9999 xx 000 0 und d
020 |a 8181473647 
100 |a Webster, Thomas J. 
245 |a Managerial economics  |b Theory and practice / 
260 |a U.S.A :  |b Academic press ,  |c 2003. 
300 |a p.xiv+739 
653 |a Managerial Economics 
923 |d 20051028  |n V 69 
942 |c GEN 
999 |c 132152  |d 132152 
952 |0 0  |1 0  |4 0  |6 X_8_P35  |7 0  |9 186716  |a LIB  |b LIB  |d 2013-03-25  |e Prabhus Books  |l 3  |o X:8 P35  |p 259735  |r 2018-06-27  |s 2018-05-30  |w 2017-08-12  |y GEN